000
00266 a2200133 4500
000
nam a22 7a 4500
100
_a
arther
110
_a
arther
245
_a
Human-Computer Interface
250
_a
latest
260
_c
2026
264
_c
2026
942
_c
BK
999
_c
394843
_d
394843